| 000 | 00394nam a22001697a 4500 | ||
|---|---|---|---|
| 003 | SGT | ||
| 020 | _a9789390020539 | ||
| 082 |
_a616.01 _bR25S |
||
| 100 | _aSASTRY, APURBA S. | ||
| 245 | _aREVIEW OF MICROBIOLOGY & IMMUNOLOGY | ||
| 250 | _a9TH | ||
| 260 |
_aINDIA _bJAYPEE PUB _c2025 |
||
| 300 | _a570 | ||
| 650 | _aMICROBIOLOGY | ||
| 653 | _aMICROBIOLOGY & IMMUNOLOGY | ||
| 942 |
_2ddc _cBK |
||
| 999 |
_c33800 _d33800 |
||